Effective Business communication.
Effective Business Communication For Dummies gives you the tools you need to communicate better, both in and outside of the office. You want to build strong relationships, and you'll need strong communication skills to do it. This book demystifies active listening, assertive speaking, conflict...
Saved in:
| Main Author: | |
|---|---|
| Other Authors: | |
| Format: | Book |
| Published: |
New Delhi;
Prentice Hall of India,
2008.
|
| Series: | Principles of communication 1-19
|
| Subjects: | |
| Tags: |
Add Tag
No Tags, Be the first to tag this record!
|
MARC
| LEADER | 00000cam a22000001 4500 | ||
|---|---|---|---|
| 005 | 20260423090742.0 | ||
| 020 | |a 9788120317093 |c 66,079 | ||
| 040 | |a MCC |b eng | ||
| 082 | |a 651.7 | ||
| 100 | 1 | |a Kaul,Asha | |
| 245 | 1 | 0 | |a Effective Business communication. |c Asha Kaul |
| 260 | |a New Delhi; |b Prentice Hall of India, |c 2008. | ||
| 300 | |a vii,172p. |b illus. |c 21 cm. | ||
| 440 | |a Principles of communication |p 1-19 | ||
| 500 | |a includes index | ||
| 504 | |a includes bibliographic refferences | ||
| 520 | |a Effective Business Communication For Dummies gives you the tools you need to communicate better, both in and outside of the office. You want to build strong relationships, and you'll need strong communication skills to do it. This book demystifies active listening, assertive speaking, conflict resolution, virtual team leadership, and all the other things you'll need to know to get your point across. Thanks to the classic, friendly Dummies style, it's easy to make an impression in e-mails, presentations, virtual events, and in person. Check out these tips from a top communications coach to discover the maser communicator inside you. | ||
| 546 | |a eng, | ||
| 650 | 0 | |a Report Writting | |
| 700 | |a Kaul, Asha | ||
| 942 | |c BK | ||
| 999 | |c 12726 |d 12726 | ||